• 首页
  • 本馆介绍
  • 公告通知
  • 最新文献
  • 馆藏检索
  • 电子资源
  • 读者导购
  • 参考咨询
  • 我的图书馆
  • 登录
  • 详细信息显示
  • 放入我的书架
  • 预约/预借图书
  • 作者相关作品
  • 分类相关作品
  • 丛书相关作品
  • 出版社相关作品

书目信息

  • 表格格式
  • 工作单格式
  • 卡片格式
题名:
管乐队现代化训练教程
    
 
作者: 奥莱利 , 威廉姆斯 编 ;胡越菲 , 杨抒诣 译
分册: 圆号1  
出版信息: 上海   上海音乐出版社  2013
页数: 47页
开本: 31cm
丛书名: 管乐队现代化训练教程
单 册:
中图分类: J621.86
科图分类:
主题词: 圆号--吹奏法--教材
电子资源:
ISBN: 978-7-5523-0009-3
000 01721nam0 2200337 45
001 012001009451
005 20140102085654.0
010    @a978-7-5523-0009-3@b1@dCNY48.00 (含光盘)
010    @a978-7-88880-595-8@b光盘 ; 1
016    @aCN-R12-11-574-00@b光盘 ; 1
099    @aCAL 012013056673
100    @a20130507d2013 em y0chiy50 ea
101 1  @achi@ceng
102    @aCN@b310000
105    @aag z 000yy
106    @ar
200 1  @a管乐队现代化训练教程@Ayuan hao@h圆号1@f约翰·奥莱利(John O'Reilly),马克·威廉姆斯(Mark Williams)编@g胡越菲,杨抒诣译
210    @a上海@c上海音乐出版社@c上海文艺音像电子出版社@d2013
215    @a47页@c图@d31cm@e光盘2片
225 2  @a管乐队现代化训练教程@Aguan yue dui xian dai hua xun lian jiao cheng
305    @a美国阿尔弗莱德出版公司提供版权
330    @a本套管乐教程为美国ALFRED出版社研发的一套经典教程,迄今仍在欧美地区广泛流行。该套图书分长笛、单簧管、萨克斯、大管、双簧管、小号、长号、圆号、大号、打击乐、键盘打击乐、组合打击乐以及教师用书(2本)、总谱(3本)分册,共41本。每件乐器都按难易程度分为初、中、高三册。教程第一册的编写充分考虑初学者的学习特征,从演奏姿势、乐器构造开始引入,由潜入深,并纳入旋律动听的134首乐曲,将乐理知识、演奏术语以图文并茂的形式呈现,直观易懂。该系列图书的出版可以扭转学校管乐训练中乐谱缺乏的现状;作为通俗易懂且配有示范CD的图书,本系列亦可作为自学教材使用。
410  0 @12001 @a管乐队现代化训练教程
606 0  @a圆号@x吹奏法@j教材
690    @aJ621.86@v5
701  0 @a奥莱利@Aao lai li@g(O'Reilly, John)@4编
701  0 @a威廉姆斯@Awei lian mu si@g(Williams, Mark)@4编
702  0 @a胡越菲@Ahu yue fei@4译
702  0 @a杨抒诣@Ayang shu yi@4译
801  2 @aCN@b上海新华@c20191020
905    @b1188240-3@dJ621.86@e397@f4
    
    管乐队现代化训练教程.圆号1/约翰·奥莱利(John O'Reilly),马克·威廉姆斯(Mark Williams)编/胡越菲,杨抒诣译.-上海:上海音乐出版社:上海文艺音像电子出版社,2013
    47页:图;31cm+光盘2片.-(管乐队现代化训练教程)
    
    
    ISBN 978-7-5523-0009-3(1):CNY48.00 (含光盘)
    本套管乐教程为美国ALFRED出版社研发的一套经典教程,迄今仍在欧美地区广泛流行。该套图书分长笛、单簧管、萨克斯、大管、双簧管、小号、长号、圆号、大号、打击乐、键盘打击乐、组合打击乐以及教师用书(2本)、总谱(3本)分册,共41本。每件乐器都按难易程度分为初、中、高三册。教程第一册的编写充分考虑初学者的学习特征,从演奏姿势、乐器构造开始引入,由潜入深,并纳入旋律动听的134首乐曲,将乐理知识、演奏术语以图文并茂的形式呈现,直观易懂。该系列图书的出版可以扭转学校管乐训练中乐谱缺乏的现状;作为通俗易懂且配有示范CD的图书,本系列亦可作为自学教材使用。
●
相关链接 在E读中查询图书 在五车中查询图书 在当当中查询图书 在豆瓣中查询图书


正题名:管乐队现代化训练教程     索取号:J621.86/397         预约/预借

序号 登录号 条形码 馆藏地/架位号 状态 备注
1 1188240   211882408   第一样本阅览室/ [索取号:J621.86/397] 在馆    
2 1188241   211882417   第一借阅区/ [索取号:J621.86/397] 在馆    
3 1188242   211882426   第一借阅区/ [索取号:J621.86/397] 在馆    
4 1188243   211882435   第一借阅区/ [索取号:J621.86/397] 在馆    
唐山师范学院图书馆 欢迎您!
大连网信软件有限公司© 版权所有